Equality and urban policy : the distribution of municipal public services /

Bibliographic Details
Main Author: Lineberry, Robert L.
Format: Book
Language:English
Published: Beverly Hills, Calif. : Sage Publications, [1977]
Series:Sage library of social research ; v. 39.
Subjects:

MARC

Tag First Indicator Second Indicator Subfields
LEADER 00000cam a2200000 i 4500
001 in00000046976
005 20151007065350.0
008 770121s1977 cau b 00110 eng
010 |a  76053962  
020 |a 0803907427 :  |c $11.00. 
020 |a 0803907435 (pbk. :)  |c $6.00 
035 |a (OCoLC)02970580 
035 |9 AAE1844AM 
040 |a DLC  |c DLC  |d TXA  |d UtOrBLW 
043 |a n-us--- 
049 |a TXAM  |c 1 [1435652], 2 [1115189] 
050 0 0 |a HD4605  |b .L55 
082 0 |a 352/.073 
100 1 |a Lineberry, Robert L. 
245 1 0 |a Equality and urban policy :  |b the distribution of municipal public services /  |c Robert L. Lineberry. 
264 1 |a Beverly Hills, Calif. :  |b Sage Publications,  |c [1977] 
264 4 |c ©1977 
300 |a 205 pages ;  |c 22 cm. 
336 |a text  |b txt  |2 rdacontent 
337 |a unmediated  |b n  |2 rdamedia 
338 |a volume  |b nc  |2 rdacarrier 
490 1 |a Sage library of social research ;  |v v. 39 
500 |a Includes index. 
504 |a Bibliography: pages 199-202. 
650 0 |a Municipal services  |z United States. 
830 0 |a Sage library of social research ;  |v v. 39. 
999 |a MARS 
999 f f |s 03e10192-d9bb-3545-916f-c1e97f7a246b  |i 75d7b4fa-1685-3f42-a8d1-a672c707470e  |t 0 
952 f f |p normal  |a Texas A&M University  |b College Station  |c Sterling C. Evans Library  |d Evans: Library Stacks  |t 0  |e HD4605 .L55  |h Library of Congress classification  |i unmediated -- volume  |m A14802673953 
998 f f |a HD4605 .L55  |t 0  |l Evans: Library Stacks